Fiskalna politika u teoriji i praksi
Saved in:
| Main Author: | |
|---|---|
| Format: | Book |
| Language: | Croatian |
| Published: |
Zagreb
Informator
1996
|
| Series: | Informatorovi priručnici
|
| Subjects: | |
| Tags: |
No Tags, Be the first to tag this record!
|
MARC
| LEADER | 00000nam a2200000 4500 | ||
|---|---|---|---|
| 001 | c119838 | ||
| 005 | 20221221084315.4 | ||
| 020 | |a 953-170-033-8 | ||
| 041 | 0 | |a hrv | |
| 044 | |a HR | ||
| 245 | 1 | 0 | |a Fiskalna politika u teoriji i praksi |c Dragan Roller |
| 264 | 1 | |a Zagreb |b Informator |c 1996 | |
| 300 | |a 167 s. | ||
| 490 | 1 | |a Informatorovi priručnici | |
| 830 | 0 | |a Informatorovi priručnici | |
| 610 | 2 | 0 | |a politika fiškálna |
| 610 | 2 | 0 | |a financie |
| 610 | 2 | 0 | |a Chorvátsko |
| 610 | 2 | 0 | |a sústava finančná |
| 100 | 1 | |a Roller, Dragan | |